000 01301nam a2200241Ia 4500
003 Ost
005 20260507075412.0
008 260507s9999||||xx |||||||||||||| ||und||
020 _a9957115987
040 _cfsecg
041 _aara
082 _a600
100 _aأبو حشيش، خليل عواد
_eمؤلف
245 0 _aمحاسبة التكاليف :
_bقياس وتحليل /
_c خليل عواد أبو حشيش
260 _aعمان:
_bدار وائل,
_c2005
300 _a545 صفحة؛
_bإيضاحات ؛
_c24 سم
504 _aالمراجع ص.543
520 _aيضم دور المعلومات المحاسبية في اتخاذ القرارات الإدارية، مصطلحات ومفاهيم وتبويبات التكلفة، تكاليف المواد ومراقبتها، تكاليف العمل ومراقبتها، تكاليف الصنع الإضافية، تصميم النظام المحاسبي، نظريات تحميل التكاليف، نظام تكاليف أوامر التشغيل، نظام تكاليف المراحل، التكاليف المشتركة والمنتجات الجانبية
653 _aالمحاسبة الإدارية
653 _aالمحاسبة التحليلية
653 _aمحاسبة التكاليف
942 _cكتاب
999 _c44414
_d44414